Alma Mater Quiz Stats

 Plays Quiz not verified by Sporcle

Also try: 'Per Capita' Quiz
Challenge
Share
Tweet
Embed
Score 0/15 Timer 05:00
0 Plays Today
% Correct
Prince William, Duke of Cambridge
68.4%
Stephen Fry
63.2%
David Cameron
42.1%
Gordon Brown
42.1%
Mick Jagger
36.8%
Ricky Gervais
31.6%
Brian May
26.3%
Jonathan Edwards
21.1%
% Correct
Gervase Phinn
21.1%
Princess Eugenie of York
21.1%
Nick Grimshaw
15.8%
Paul Whitehouse
15.8%
Derren Brown
15.8%
Ben Elton
10.5%
Chris Tarrant
10.5%

You're not logged in!

Compare scores with friends on all Sporcle quizzes.
OR
Log In

You Might Also Like...

Show Comments

Extras

Created Jan 14, 2016ReportNominate
Tags:Clickable Quiz, mater, personage

Top Quizzes Today


Score Distribution

Your Account Isn't Verified!

In order to create a playlist on Sporcle, you need to verify the email address you used during registration. Go to your Sporcle Settings to finish the process.

Report this User

Report this user for behavior that violates our Community Guidelines.

Details: